000 00456nam a2200169Ia 4500
008 210719s1980 xx 000 0 und d
020 _a0070544875
041 _aeng
082 _a330 SALS
100 _aSALVATORE (Dominick) and DIULIO (Eugene A)
245 _aSchaum's outline of theory and problems of principles of economics.
260 _aNY
_bMcGraw Hill
_c1980
300 _a314
_bPB
365 _cRs
650 _aEconomics
906 _aSchaums
999 _c213550
_d213550